How to create a compelling future [ a new way to set and achieve goals

Bibliographic Details
Main Author: Robbins, Anthony
Format: Book
Published: California : Robbins Research International , 1989
Subjects:

MARC

LEADER 00000cam a2200000 7i4500
001 0000001429
002 000001569
005 20090615.0
020 |a T000000211 
090 0 0 |a 153.8   |b ROB 
100 1 |a Robbins, Anthony 
245 1 0 |a How to create a compelling future [  |h sound recording] :   |b a new way to set and achieve goals   |c Anthhony Robbins 
260 |a California :   |b Robbins Research International ,   |c 1989 
300 |a 2 sound cassettes (160 minutes) 
650 0 0 |a Achievement   |x Goal (Psychology)   |x Motivation (Psychology) 
999 |a 00035   |b KASET   |c KOLEKSI AUDIO VIDEO   |e PERPUSTAKAAN KOMUNITI PETALING JAYA